Princp̕ios de Direito Administrativo Da abstraȯ̂ ̉vinculaȯ̂

Detalles Bibliográficos
Autor principal: Rodrigo de Pd̀ua, Sřgio Rodrigo de
Formato: eBook
Lenguaje:portugués
Publicado: Sô Paulo : Editora NELPA, 2011
Materias:
Acceso en línea:http://www.vlex.com/source/6757

MARC

LEADER 00000nam a22000007a 4500
005 20130125093542.0
007 cr|||| ||||
008 130125e2011 bl |||||s|||| 00||0 por d
020 |a 8580201594 
035 |a 6757 
040 |a vLex 
090 |c 3595  |d 3595 
100 1 0 |a Rodrigo de Pd̀ua, Sřgio Rodrigo de 
245 1 0 |a Princp̕ios de Direito Administrativo  |b Da abstraȯ̂ ̉vinculaȯ̂  |h [Recurso electrn̤ico] 
256 |a Servicio en ln̕ea 
260 |a Sô Paulo :  |b Editora NELPA,   |c 2011  
300 |a 1 Recurso electrn̤ico 
650 0 4 |a Derecho administrivo  |z Brasil 
740 |a vLex Libros (Servicio en ln̕ea) 
856 |a Acceso restringido  |u http://www.vlex.com/source/6757 
942 |c BOOK 
999 0 |a Administrative law